Nyitott iskola Honnan az ismeretanyag fele? /
Elmentve itt :
| Szerző: | |
|---|---|
| Dokumentumtípus: | Cikk |
| Megjelent: |
1977-05-11
|
| Sorozat: | Délmagyarország
67 No. 109 |
| Kulcsszavak: | Tóth Ferenc, általános iskola |
| Online Access: | http://dmarchiv.bibl.u-szeged.hu/100919 |
| LEADER | 00482nab a2200157 i 4500 | ||
|---|---|---|---|
| 001 | delm100919 | ||
| 005 | 20190529110907.0 | ||
| 008 | 190529s1977 hu o 0|| hun d | ||
| 040 | |a SZTE Délmagyarország Archívum |b hun | ||
| 041 | |a hun | ||
| 100 | 1 | |a Petri Ferenc | |
| 245 | 1 | 0 | |a Nyitott iskola |h [elektronikus dokumentum] : |b Honnan az ismeretanyag fele? / |c Petri Ferenc |
| 260 | |c 1977-05-11 | ||
| 300 | |a 5 | ||
| 490 | 0 | |a Délmagyarország |v 67 No. 109 | |
| 695 | |a Tóth Ferenc, általános iskola | ||